000 00460nam a2200181Ia 4500
005 20250423100206.0
008 250422s9999 xx 000 0 und d
020 _a13:978-0-321-46858-1
050 _aHB 172 .P393/
100 _aJeffrey M Perloff
245 0 _aMicro Economics: Theory and Application with Calculus
260 _aBoston
260 _bPearson Education
260 _c2008
300 _a691 p
650 _aMicro Economics
942 _cBK
999 _c32556
_d32556